Badchieff, Bausa & Sira - 9 bis 9 (lyrics) - Statistiken

Allgemein
  • Dieses Quiz wurde 137 mal gespielt
  • Das Durchschnittsergebnis liegt bei 188 aus 285
Antwortstatistiken
Antwort % Korrekt
bis
99%
neun
99%
neun,
99%
Von
99%
von
99%
i
95%
ich
92%
Ich
92%
zu
91%
Gold
89%
me
89%
was
89%
wir
89%
Und
88%
und
88%
(und
88%
nach
87%
wird
86%
hear
85%
Hoodie
85%
mein
85%
mein'
85%
Herz
83%
Herz)
83%
dem
82%
Schwarzer
82%
bewegt
81%
sich
81%
sich)
81%
Smoke
81%
stinkt
81%
Bass
80%
anfass',
79%
In
67%
in
67%
den
63%
nich'
61%
der
60%
bin
59%
auf
57%
die
57%
when
57%
Baby,
56%
nicht
56%
jung
55%
Manchmal
54%
manchmal
54%
reich
54%
ein
52%
Preis,
50%
acht
49%
acht,
49%
es
49%
guck
49%
(guck,
49%
come
47%
sein
46%
Ja,
44%
(ja-ja)
44%
muss
43%
Wie
42%
wie
42%
so
41%
einfach
40%
das,
38%
King
36%
Nintendo
33%
Sechs
33%
Kart
31%
komm'
31%
Mario
31%
mich
31%
mir
31%
mir,
31%
noch
31%
würfel'
31%
64er
30%
Ferne
30%
James
30%
of
30%
Bond
29%
Bong
29%
Bongo
29%
Song,
29%
Verwendung
29%
dafür
28%
finden
28%
kein'
26%
Stundenlang
26%
trinke
26%
Wein
26%
flieg'
25%
ganze
25%
Kippe
25%
meine
25%
nie
25%
Sekt,
25%
ist
24%
Jackpot,
24%
morgen
24%
weit,
24%
Fingerspitzen
23%
glaub'
23%
Hol'
23%
läuft
23%
schon
23%
Zeit
23%
zur
23%
mehr
22%
vielleicht
22%
vorbei
22%
begleiten
21%
brennt
21%
Stadt
21%
Stadt,
21%
heim
20%
Keine
20%
Verschwendung,
20%
will,
20%
gib
19%
leb'
18%
nächsten
18%
besser
17%
jetzt
17%
Tu'
17%
könnt'
16%
Versteh'
16%
genau
15%
falsch,
14%
Henessy
13%
nur,
12%
heut'
11%
deswegen
1%
Keine übereinstimmenden Quizze gefunden
Verteilung der Resultate
Anzahl Personen mit jedem Resultat
Perzentil nach korrekt beantworteten Fragen
Ihre Resultats-Entwicklung
Sie haben dieses Quiz noch nicht gespielt